Shell theory

Gespeichert in:
Bibliographische Detailangaben
1. Verfasser: Niordson, Frithiof I. (Verfasst von)
Format: Buch
Sprache:Englisch
Veröffentlicht: Amsterdam : North-Holland, 1985
Tags: Tag hinzufügen
Keine Tags, Fügen Sie das erste Tag hinzu!

MARC

LEADER 00000nam a22000003a 4500
001 stu85122
005 20150617225635.5
008 040323s1985------------------------eng-d
040 |a STU  |b slo 
041 0 |a eng 
080 |a 514.763 
100 1 |a Niordson, Frithiof I.  |4 aut 
245 1 |a Shell theory 
260 |a Amsterdam :  |b North-Holland,  |c 1985 
300 |a 408 s 
996 |b E60239  |c E*60239  |l EE03  |s P  |a 0  |w stu85122_0001